000 00302nam a2200109Ia 4500
008 230907s9999||||xx |||||||||||||| ||und||
082 _a621.45
_bWIN
245 0 _aWind turbine foundations /
260 _aInstitute of Civil Engineers,; ICE Publishing,
_bLondon :
_c2018
300 _a339 p.
942 _cBK
999 _c599261
_d599261